Loading...

Padmarajante krithikal sampoornam /

Bibliographic Details
Main Author: Padmarajan, P.
Language:Undetermined
Published: Kottayam : D C Books , 2014.
LEADER 00678nam a2200169Ia 4500
001 186366
008 170722s9999 xx 000 0 und d
020 |a 9788126449613 
100 |a Padmarajan, P. 
245 |a Padmarajante krithikal sampoornam / 
260 |a Kottayam :  |b D C Books ,  |c 2014. 
300 |a 1006 p. 
923 |d 20140801  |n DCB331 
942 |c GEN 
999 |c 153163  |d 153163 
952 |0 0  |1 0  |4 0  |6 O_32XNPA22_Q4_1Q4_2KR  |7 0  |8 KR  |9 215596  |a LIB  |b LIB  |d 2014-11-19  |e D C Books  |h 2  |o O32xNPA22 Q4.1-Q4.2(KR)  |p 297179  |r 2017-08-12  |v 1250.00  |y GEN 
952 |0 0  |1 0  |4 0  |6 O_32XNPA22_Q4_1Q4_2KR  |7 0  |9 215597  |a LIB  |b LIB  |d 2014-11-19  |e D C Books  |h 2  |o O32xNPA22 Q4.1-Q4.2(KR)  |p 297180  |r 2017-08-12  |v 1250.00  |y GEN